Determinantes - Estadísticas

Estadísticas generales
  • Esta prueba ha sido intentada 50 veces
  • La puntuación promedio es 24 de 34
Estadísticas de respuestas
Tipo Determinante % Correcto
Artículo El
98%
Artículo La
95%
Posesivo mi
95%
Posesivo tu
95%
Artículo Las
91%
Artículo Los
88%
Posesivo su
86%
Posesivo nuestro
84%
Posesivo vuestro
84%
Demostrativo esa
79%
Demostrativo esos
74%
Demostrativo esta
74%
Demostrativo esas
72%
Demostrativo ese
72%
Demostrativo estas
72%
Artículo un
72%
Demostrativo aquel
70%
Demostrativo aquella
70%
Demostrativo estos
70%
Artículo una
70%
Demostrativo este
67%
Demostrativo aquellos
65%
Artículo unos
65%
Demostrativo aquellas
63%
Posesivo mis
63%
Posesivo sus
63%
Artículo unas
63%
Posesivo tus
58%
Posesivo vuestros
58%
Posesivo nuestros
56%
Posesivo vuestra
49%
Posesivo nuestra
47%
Posesivo vuestras
42%
Posesivo nuestras
37%
No se encontraron pruebas coincidentes
Distribución de puntuación
Porcentaje de gente con cada puntuación
Porcentaje por número respondido
Historial de tus puntuaciones
No has intentado esta prueba.